Quizzes
Events
Quiz Creation
Community
Videos
Private Events
Remove Ads
Sign In
Join for FREE
Feedback
Dark Mode
Quiz Categories
Sports
Geography
Music
Movies
Television
Just For Fun
Miscellaneous
History
Literature
Language
Science
Gaming
Entertainment
Religion
Holiday
For Kids
Quiz Lab
Recent
Popular Today
Quiz Kudos Today
Editor Picks
Curator Picks
Quizzes by...
Day
Popularity
Type
Ratings
Length
Year
Community
Subscriptions
Recent Discussions
Orange Saloon
Badges
Playlists
Quests
Create
Leaderboards
Showdown
Live 5
Trivia Bingo
Activity
Puzzle Library
Sporcle Events
Private Events
Virtual Trivia
Globe League
Become a Host
Pub Owners
SporcleCon
Opinionation
Our Games
Videos
Blog
Mobile Apps
Partnerships
Remove Ads and Go Orange
Feedback
Holiday
Halloween
Christmas
Holiday Songs
April Fools'
Thanksgiving
Valentine's Day
Easter
St Patrick's Day
National Holiday
Religious Holiday
Holiday
Halloween
Christmas
Holiday Songs
April Fools'
Thanksgiving
Valentine's Day
Easter
St Patrick's Day
National Holiday
Religious Holiday
Random Quiz
Search Sporcle
×
Quiz Lab
Quiz Lab
Holiday
Christmas
Type in answers that appear in a list
Type in answers that appear in a list
Classic
Best Score? Go Orange.
2010 Cost of the 12 days of Christmas Stats
Can you name the cost of the 12 days of christmas?
By
tallsaul
5m
13 Questions
53 Plays
53 Plays
53 Plays
Comments
Comments
Give Quiz Kudos
Give Quiz Kudos
-
- Ratings
hide this ad
More Info
Forced Order
Answers have to be entered in order
Answers have to be entered in order
Replay
Link that replays current quiz
Next Quiz
Link to next quiz in quiz playlist
You Got
0%
They Got
Avg Score
67%
Avg Friend Score
Upgrade to see
Score Distribution
Jump to the score distribution portion of the page
Score
0/13
Timer
05:00
0
Plays Today
Cost
Gift
% Correct
$58
8 Maids a Milking
83%
$161
A Partridge in a Pear Tree
77.4%
$100
2 Turtle Doves
75.5%
$150
3 French Hens
71.7%
$649
5 Golden Rings
69.8%
$599
4 Calling Birds
67.9%
$150
6 Geese a Laying
66%
$5,600
7 Swans a Swimming
62.3%
$4,766
10 Lords a Leaping
62.3%
$6,294
9 Ladies Dancing
60.4%
$2,356
11 Pipers Piping
60.4%
$2,552
12 Drummers Drumming
60.4%
$23,439.38
GRAND TOTAL
54.7%
Quiz Playlist
Details
Report
Send in Message
Add To Playlist
More Info:
These are the costs of the 12 days of Christmas gifts according to PNC. The individual gifts are rounded slightly and the total is exact.
Classic:
Type in answers that appear in a list
Forced Order:
Answers have to be entered in order
Quiz Source
Last Updated: Aug 24, 2017
Quiz Scoreboard
CHALLENGE
Sign Up to Join the Scoreboard
Show All
Scores
Hide
Comments
May contain spoilers
Recently Published
An Introduction to Baseball
by treessimontrees
Sports
5m
Movies - When Are They Set?
by FPL_Elf
Movies
5m
Popular People in 1961
by mucciniale
History
6m
More to Explore
Quiz From the Vault
Featured Blog Post
Where Did the Easter Bunny Come From?
hide this ad
You Might Also Like...
Tags
Christmas Quiz
Religious Holiday Quiz
Carol
cost
gift
Percent
Percentage
Today's Top Quizzes in Holiday
Browse Holiday
hide this ad
Today's Top Quizzes in Christmas
Browse Christmas
Top Contributed Quizzes in Holiday
1
Easter - Did You Know?
2
5-to-1: Holiday Songs
3
5-to-1: Thanksgiving
4
Holidays Spelling Bee
5
Show What You Know: US Federal Holidays
6
The Holiday Category, A to Z
7
Slices of Holidays
8
In welcher Stadt stehen diese Sehenswürdigkeiten?
9
3-per Word Ladder: Listen Up!
10
Christmas Things
Explore More
Trending Topics
Crossword
Harry Potter
Kpop
Anime
Marvel
NBA
Disney
Country
NFL
Song
The Office
WWE
Pokémon
Soccer
Puzzle
hide this ad
More By:
tallsaul
Quiz
Plays
Rating
Category
Featured
Created
LOTR Characters by Quote
142,755
4.52
Literature
Oct 13, 2009
Food on Film
87,750
4.41
Movies
Feb 18, 2011
Click a Carnivoran
55,195
4.40
Science
May 30, 2012
Famous Biologists
20,952
4.28
Science
May 21, 2011
Creatures of Skyrim
19,597
4.10
Gaming
Nov 26, 2011
Go to Creator's Profile
Score Distribution
Quiz Creator Spotlight
tallsaul
Follow
Send a Message
Quizzes Created
-
Created Quiz Play Count
-
More By This Creator
Popular Quizzes Today
1
Find the Countries of Europe - No Outlines Minefield
2
Find the US States - No Outlines Minefield
3
The Countries of the World
4
Popular People in 1961
5
US States
6
1-10 Letter E Words III
7
Find the US States
8
Risky Map Clicking: Biggest States A-Z
More Holiday Quizzes
Not Quite Federal Holidays
Published
Trending Quizzes
Risky Map Clicking: Least Populous States A-Z
1-10 Letter F Words
1-10 Letter G Words
One Thing in Common: United Kingdom
Risky Map Clicking: Next State Alphabetically
Recently Updated
Leaping Animals
pecheneg
Reality TV Shows (A-Z)
bhenderson79
Rickey Henderson's Hall of Fame Teammates
pecheneg
Champions League XIs: Arsenal
pecheneg
Quick Pick: Celebrities in WWE's Hall of Fame
aduchscher
A-Z Keypad Blitz II
pecheneg
Multiple Oscar Actors
pecheneg
Mystery Phrase Blitz: Oscar 'Best Actors'
pecheneg
F. Scott Fitzgerald Novels
LTH
Pick 3 Villains
ddd62291
Trending Topics
Crossword
Marvel
Anime
NBA
Harry Potter
Disney
Kpop
Country
WWE
Song
NFL
Pokémon
Puzzle
The Office
Soccer
Your Account Isn't Verified!
In order to create a playlist on Sporcle, you need to verify the email address you used during registration. Go to your
Sporcle Settings
to finish the process.
Report this User
Report this user for behavior that violates our
Community Guidelines
.
Details:
Send Report
Go to the Sporcle.com Mobile Site →
Comments